00826cam a2200289 450000100060000000300090000600500170001500700060003200800380003801500060007601700090008202000180009103500060010904000250011508000060014008200220014610000230016824501350019125000060032626000390033230000200037150400320039165000220042365000290044565000370047465000250051101154DO-SdBNP20171108124356.001154100303s2007 mx | |||| 000 0 spa  a  a b  a9789705801723 a  aBPMSUbspacBPMSUe  a  4a 133.9013 bA485e1 aAmara, Giusepped 10aExperiencias cercanas a la muerte :h bhistoria, análisis y verificaciones del contacto con el más allá /c Giuseppe Amara  a  aMéxico, D.F. : bAguilar, c2007 a837 p. ;c25 cm a Bibliografía: p. 813-837 4aVIDA FUTURAz 2  7aBIEN Y MAL xHISTORIA  4aMUERTExASPECTOS PSICOLÓGICOS  4aMUERTEvMEDITACIONES